Anthrax Songs - Statistics

General Stats
  • This quiz has been taken 108 times
  • The average score is 53 of 177
Answer Stats
Album Song % Correct
Among the Living Among the Living
87%
Among the Living Indians
82%
Joe Jackson | Persistence of Time Got the Time
80%
Among the Living I Am the Law
78%
Spreading the Disease Madhouse
76%
Among the Living Caught in a Mosh
75%
Fistful of Metal Metal Thrashing Mad
71%
Spreading the Disease A.I.R.
69%
State of Euphoria | Trust Antisocial
67%
Among the Living Efilnikufesin (N.F.L.)
67%
Attack of the Killer B's N.F.B. (Dallabnikufesin)
65%
Spreading the Disease Medusa
64%
State of Euphoria Be All, End All
62%
Fistful of Metal Deathrider
62%
Sound of White Noise Only
62%
Persistence of Time Time
62%
Persistence of Time Blood
55%
Attack of the Killer B's | Public Enemy Bring the Noise
51%
Attack of the Killer B's | Persistence of Time Belly of the Beast
49%
Attack of the Killer B's I'm The Man '91
49%
Among the Living A Skeleton in the Closet
47%
Spreading the Disease Gung-Ho
47%
Persistence of Time H8 Red
47%
Persistence of Time In My World
47%
State of Euphoria Now It's Dark
47%
Sound of White Noise Potters Field
47%
Fistful of Metal Howling Furies
45%
Attack of the Killer B's | Persistence of Time Keep It in the Family
45%
Black Sabbath Sabbath Bloody Sabbath
45%
Among the Living A.D.I. / Horror of it All
44%
Spreading the Disease Armed and Dangerous
44%
For All Kings For All Kings
44%
Alice Cooper | Fistful of Metal I'm Eighteen
44%
Spreading the Disease Lone Justice
44%
Fistful of Metal Soldiers of Metal
44%
State of Euphoria 13
42%
State of Euphoria Finale
42%
Among the Living Imitation of Life
42%
Fistful of Metal Across the River
40%
Persistence of Time Gridlock
40%
Attack of the Killer B's | S.O.D. Milk (Ode to Billy)
38%
Spreading the Disease S.S.C. / Stand or Fall
38%
We've Come for You All W.C.F.Y.A.
38%
Worship Music Worship
38%
Sound of White Noise Black Lodge
36%
Persistence of Time Discharge
36%
State of Euphoria Make Me Laugh
36%
Fistful of Metal Panic
36%
Fistful of Metal Anthrax
35%
State of Euphoria Misery Loves Company
35%
State of Euphoria Schism
35%
AC/DC T.N.T.
35%
For All Kings Breathing Lightning
33%
Stomp 442 Fueled
33%
Sound of White Noise Hy Pro Glo
33%
Among the Living One World
33%
Attack of the Killer B's | KISS Parasite
31%
Sound of White Noise Room for One More
31%
Spreading the Disease The Enemy
31%
Kansas Carry on Wayward Son
29%
Persistence of Time Intro to Reality
29%
Volume 8: The Threat is Real Stealing From a Thief / Pieces
29%
Sound of White Noise This is Not an Exit
29%
State of Euphoria Who Cares Wins
29%
Spreading the Disease Aftershock
27%
Volume 8: The Threat is Real Crush
27%
Worship Music Judas Priest
27%
State of Euphoria Out of Sight, Out of Mind
27%
Stomp 442 Random Acts of Senseless Violence
27%
Worship Music Revolution Screams / New Noise
27%
Worship Music The Devil You Know
27%
Volume 8: The Threat is Real Cupajoe
25%
Worship Music Fight 'em 'til You Can't
25%
Volume 8: The Threat is Real Inside Out
25%
We've Come for You All What Doesn't Die
25%
We've Come for You All Black Dahlia
24%
Sound of White Noise C11H17N2O2SNa (Sodium Pentathol)
24%
Fistful of Metal Death From Above
24%
Stomp 442 Drop the Ball
24%
Sex Pistols God Save the Queen
24%
Thin Lizzy Jailbreak
24%
We've Come for You All Safe Home
24%
Stomp 442 Bare
22%
Volume 8: The Threat is Real Born Again Idiot
22%
Volume 8: The Threat is Real Catharsis
22%
Attack of the Killer B's | S.O.D. Chromatic Death
22%
Worship Music Earth on Hell
22%
Worship Music In the End
22%
Stomp 442 King Size
22%
Stomp 442 Nothing
22%
Persistence of Time One Man Stands
22%
Fistful of Metal Subjugator
22%
Volume 8: The Threat is Real Toast to the Extras
22%
For All Kings Blood Eagle Wings
20%
Sound of White Noise Burst
20%
We've Come for You All Contact
20%
Celtic Frost Dethroned Emperor
20%
Worship Music Hymn 1
20%
Worship Music Hymn 2
20%
Worship Music I'm Alive
20%
Sound of White Noise Invisible
20%
Volume 8: The Threat is Real Killing Box
20%
The Smiths London
20%
Refused New Noise
20%
Sound of White Noise Packaged Rebellion
20%
Metallica Phantom Lord
20%
We've Come for You All Superhero
20%
For All Kings Suzerain
20%
For All Kings Zero Tolerance
20%
Volume 8: The Threat is Real 604
18%
Stomp 442 American Pompeii
18%
We've Come for You All Cadillac Rock Box
18%
Thin Lizzy Cowboy Song
18%
For All Kings Defend/Avenge
18%
Volume 8: The Threat is Real Hog Tied
18%
Attack of the Killer B's | The Chantays Pipeline
18%
Volume 8: The Threat is Real Piss N Vinegar
18%
Attack of the Killer B's | Discharge Protest and Survive
18%
Stomp 442 Riding Shotgun
18%
We've Come for You All Strap It On
18%
Worship Music The Giant
18%
For All Kings You Gotta Believe
18%
Sound of White Noise 1000 Points of Hate
16%
For All Kings All of Them Thieves
16%
Volume 8: The Threat is Real Alpha Male
16%
For All Kings Evil Twin
16%
Sex Pistols Friggin' in the Riggin'
16%
Volume 8: The Threat is Real Harms Way
16%
Stomp 442 In a Zone
16%
Stomp 442 Perpetual Motion
16%
Attack of the Killer B's | Trust Sects
16%
D.R.I. Snap/I'd Rather Be Sleeping
16%
Attack of the Killer B's Startin' Up a Posse
16%
Radiohead The Bends
16%
For All Kings This Battle Chose Us
16%
Ramones We're a Happy Family
16%
Cheap Trick Auf Wiedersehen
15%
The Temptations Ball of Confusion
15%
Volume 8: The Threat is Real Big Fat
15%
We've Come for You All Crash
15%
KISS She
15%
We've Come for You All Taking the Music Back
15%
Stomp 442 Tester
15%
We've Come for You All Any Place but Here
13%
We've Come for You All Nobody Knows Anything
13%
We've Come for You All Refuse to be Denied
13%
Iron Maiden Remember Tomorrow
13%
Worship Music The Constant
13%
KISS Watchin' You
13%
Rush Anthem
11%
Worship Music Crawl
11%
Black Sabbath Neon Knights
11%
The Police Next to You
11%
We've Come for You All Think About an End
11%
White Stripes Black Math
9%
For All Kings Monsters at the End
9%
Boston Smokin'
9%
Cheap Trick Big Eyes
7%
Twisted Sister Destroyer
7%
Beastie Boys Looking Down the Barrel of a Gun
7%
KISS Love Her All I Can
7%
Husker Dü Celebrated Summer
5%
U2 Exit
5%
The Police No Time This Time
5%
Journey Keep on Runnin'
4%
No matching quizzes found
Score Distribution
Percent of People with Each Score
Percentile by Number Answered
Your Score History
You have not taken this quiz